Estadísticas para Prueba de las Seychelles

Haz click aquí para tomar la prueba!

Estadísticas generales

  • Esta prueba ha sido tomada 220 veces
  • La puntuación promedio es 12 de 18

Estadísticas de respuestas

PreguntaRespuesta% Correcto
Seychelles está en este océanoOcéano Índico
99%
Idiomas oficialesInglés
95%
También es el país más ______ de África, con sólo 459 km cuadrados.Pequeño
93%
Per cápita, Seychelles es el país más ___ de ÁfricaRico
92%
El país insular más cercanoMadagascar
91%
Idiomas oficialesFrancés
89%
CapitalVictoria
81%
Población de las Seychelles en el año 17000
80%
Idiomas oficialesCriollo seychellense
60%
Seychelles es el hogar de la población más grande del mundo de estos reptiles, que puede superar los 250 kg de peso{Tortuga} Gigante
60%
Una persona del Perú es un peruano. ¿Cómo se llama una persona de las Seychelles?Seychellense
58%
El explorador que avistó las Seychelles (pero no se detuvo) en 1503Vasco da Gama
56%
El producto alimenticio que constituye el 82% de las exportacionesPescado
51%
El coco de mer, endémico de las Seychelles, es la planta que produce
la _____ más pesada del mundo, de hasta 30 kg de peso.
Semilla
50%
Moneda oficialRupia
46%
43 mercenarios de este país realizaron un intento de golpe de estado en 1981Sudáfrica
44%
La isla más grandeMahé
32%
"Dictador benévolo" que dirigió Seychelles de 1977 a 2004France-Albert René
28%

Distribución de puntuación

Porcentaje por número respondido

Porcentaje de gente con cada puntuación

Historial de tus puntuaciones

No has tomado esta prueba